Management Decision-Making, Big Data and Analytics (Record no. 202168)

MARC details
000 -LEADER
fixed length control field 00599nam a22001817a 4500
005 - DATE AND TIME OF LATEST TRANSACTION
control field 20240418150129.0
010 ## - LCCN (DPL NO)
LC control number ENG-140157
020 ## - INTERNATIONAL STANDARD BOOK NUMBER
Terms of availability 695.00
International Standard Book Number 9789354793943
035 ## - SYSTEM CONTROL NUMBER
System control number EN-123689
037 ## - SOURCE OF ACQUISITION
Source of stock number/acquisition DBAD
082 ## - DEWEY DECIMAL CLASSIFICATION NUMBER
Classification number 658.403
100 ## - MAIN ENTRY--PERSONAL NAME
Personal name Gressel, Simone
245 ## - TITLE STATEMENT
Title Management Decision-Making, Big Data and Analytics
Statement of responsibility, etc by Simone Gressel
260 ## - PUBLICATION, DISTRIBUTION, ETC. (IMPRINT)
Place of publication, distribution, etc New Delhi
Name of publisher, distributor, etc SAGE Publications India Pvt. Ltd
Date of publication, distribution, etc 2022
270 ## - ADDRESS
City New Delhi
Address B1/1-1 Mohan Cooperative Industrial Area, Mathura Road
Postal code 110044
300 ## - PHYSICAL DESCRIPTION
Extent 237, v.p.
Dimensions 24cm(pbk)
942 ## - ADDED ENTRY ELEMENTS (KOHA)
Source of classification or shelving scheme Dewey Decimal Classification
Item type English Books
Classification part 658.403
Call number suffix GRE
Holdings
Withdrawn status Lost status Not for loan Collection code Home library Current library Date acquired Source of acquisition Cost, normal purchase price Full call number Barcode Copy number Cost, replacement price Koha item type
      Non-fiction Ashok Vihar Ashok Vihar 15/04/2024 DBAD 695.00 658.403 GRE EN-123689 1 695.00 English Books

© Delhi Public Library
Hit Counter
free hit counter